| 000 | 00406pam a2200157a 44500 | ||
|---|---|---|---|
| 008 | 230405s2018 xxu||||| |||| 00| 0 eng d | ||
| 020 |
_a8189966235 _cRs. 170/- |
||
| 082 |
_a612.015 _bMUN |
||
| 100 | _aMungikar,A.M. | ||
| 245 | _aBiochemistry for Nursing Students | ||
| 250 | _a2nd Ed. RP. | ||
| 260 |
_aHyderabad _bFrontline Publication _c2018 |
||
| 300 | _a222 p | ||
| 502 | _atext | ||
| 906 | _a004069 | ||
| 999 |
_c252737 _d252737 |
||